000 00436pab a2200157 454500
008 180718b2015 xxu||||| |||| 00| 0 eng d
100 _aBardhan , Pranab
245 _aReflection on Indian political economy
260 _c2015
300 _ap.14-17.
362 _a2 May
650 _aEconomic and social development - India
650 _aEconomic and social development
773 _aEconomic & Political Weekly
909 _a107787
999 _c107782
_d107782